000 00280nam a22001337a 4500
008 170419b xxu||||| |||| 00| 0 eng d
020 _a9780805365856
041 _aeng
080 _23RD
_a573
100 _a11
101 _aSHM
245 _aBIOLOGY
_cCAMPBELL
942 _2udc
_cBK
999 _c11066
_d11066